00940na a2200241 450000100060000000300080000600500170001400800410003104000250007204100080009708200220010509000210012711000380014824501770018626000530036330000300041661000570044665000420050370000220054594200130056795201030058099900150068319103MIRAKIL20181213155055.0161208b tu 000 0  aMilasbturcTR-AnCHP atur a378.05bS94s 2006 a378.05 S94s 2006 aSüleyman Demirel Üniversitesi aSüleyman Demirel Üniversitesi stratejik planı (2006-2010)b"Stratejik planlama süreci- stratejik amaç ve hedefler"cHazırlayanlar Vecihi Kırdemir, ...[ve öte.] aIspartabSüleyman Demirel Üniversitesic2006 a93 s.btbl.; grf.c30 sm. aSüleyman Demirel ÜniversitesixStratejik planlar aYüksek öğretimxÜniversiteler aKırdemir, Vecihi 2ddccBKS a0001b0001d2016-12-08e2l0o378.05 S94s 2006p008955r2016-12-08 00:00:00v0.00w2016-12-08yBKS c6057d6057